Línea base de la biodiversidad en la jurisdicción de la Corporación Autónoma Regional de Cundinamarca - CAR (Registro nro. 5496)
[ vista simple ]
| 000 -CABECERA | |
|---|---|
| Campo de control | 00939nam a2200265 a 4500 |
| 005 - FECHA Y HORA DE LA ULTIMA TRANSACCION | |
| Campo de control | 20180608160844.0 |
| 008 - ELEMENTOS DE LONGITUD FIJA—INFORMACION GENERAL | |
| Campo de control | 150217b2005 ck ||||| |||| 00| 0 spa d |
| 020 ## - ISBN | |
| ISBN | 9588151600 |
| 040 ## - FUENTE DE CATALOGACIÓN | |
| Agencia catalogadora original | CO-BoIAVH |
| Agencia transcriptora | CO-BoIAVH |
| 041 ## - IDIOMA | |
| Código de idioma para texto/pista de sonido o título separado | Español |
| 044 ## - PAÍS DE PUBLICACIÓN | |
| País de publicación | Colombia |
| 090 ## - CLASIFICACIÓN LOCAL | |
| Colección | IAVH |
| Consecutivo | 00591 |
| 100 1# - ASIENTO PRINCIPAL--NOMBRE PERSONAL | |
| Nombre personal | Ortiz, Nestor |
| 9 (RLIN) | 4649 |
| 245 10 - MENCION DE TITULO | |
| Título | Línea base de la biodiversidad en la jurisdicción de la Corporación Autónoma Regional de Cundinamarca - CAR |
| 260 ## - PUBLICACION, DISTRIBUCION, ETC. (PIE DE IMPRENTA) | |
| Lugar de publicación, distribución, etc. | Bogotá: |
| Nombre del editor, distribuidor, etc. | Instituto de Investigación de Recursos Biológicos Alexander von Humboldt; |
| -- | CAR, |
| Fecha de publicación, distribución, etc. | 2005. |
| 300 ## - DESCRIPCION FISICA | |
| Extensión | 108 páginas, |
| 490 ## - MENCION DE SERIE | |
| Mención de serie | Indicadores de seguimiento y evaluación de la política de biodiversidad, |
| Designación numérica/secuencial del volumen | 5 |
| 700 1# - ASIENTO SECUNDARIO - NOMBRE PERSONAL | |
| Nombre personal | Morales , Mónica |
| 9 (RLIN) | 2695 |
| 700 1# - ASIENTO SECUNDARIO - NOMBRE PERSONAL | |
| Nombre personal | Bernal, Nestor Ricardo |
| 9 (RLIN) | 4715 |
| 700 1# - ASIENTO SECUNDARIO - NOMBRE PERSONAL | |
| Nombre personal | Rodríguez, Nelly |
| 9 (RLIN) | 2387 |
| 700 1# - ASIENTO SECUNDARIO - NOMBRE PERSONAL | |
| Nombre personal | Baptiste, María Piedad |
| 9 (RLIN) | 91532 |
| 700 1# - ASIENTO SECUNDARIO - NOMBRE PERSONAL | |
| Nombre personal | Franco, Ana María |
| 9 (RLIN) | 408 |
| 942 ## - ELEMENTOS ADICIONALES (KOHA) | |
| Tipo de ítem | Libro |
| Sistema de clasificación | Dewey Decimal Classification |
| 945 ## - PROCESAMIENTO LOCAL | |
| AAAA-MM-DD - Fecha de ingreso o modificacion | 2007-05-08 |
| Withdrawn status | Lost status | Sistema de Clasificación | Damaged status | No para préstamo | Colección | Ubicación Permanente | Ubicación actual | Fecha de adquisición | Fuente de Valor | Total Checkouts | Número topográfico | Inventario / Código de Barras | Date last seen | Ejemplar | Price effective from | Forma de adquisición | Tipo de material | Inventariado | Valor |
|---|---|---|---|---|---|---|---|---|---|---|---|---|---|---|---|---|---|---|---|
| Dewey Decimal Classification | Humboldt | Bogotá | Bogotá | 08/05/2007 | Instituto | IAVH-333.720986 O77l | 029161 | 04/12/2012 | Ej. 1 | 04/12/2012 | Institucional | Libro | Inventariado 2017 | 20000.00 | |||||
| Dewey Decimal Classification | Humboldt | Bogotá | Bogotá | 08/05/2007 | Instituto | IAVH-333.720986 O77l | 024033 | 04/12/2012 | Ej. 2 | 04/12/2012 | Institucional | Libro | Inventariado 2017 | 20000.00 | |||||
| Dewey Decimal Classification | Humboldt | Sala Fabio Quevedo | Sala Fabio Quevedo | 18/07/2014 | Instituto | IAVH-333.720986 O77l | 024031 | 04/12/2012 | Ej. 3 | 04/12/2012 | Institucional | Libro | Inventariado 2017 | 20000.00 | |||||
| Local | Referencia | Villa de Leyva | Villa de Leyva | 08/05/2007 | CID Humboldt | IAVH-00591 | 024030 | 04/12/2012 | Ej. 1 | 04/12/2012 | Libro |